The Unwelcome Literary Guest Quiz Stats

 Plays Quiz Updated Aug 11, 2017

Challenge
Share
Tweet
Embed
Score 0/15 Timer 06:00
7 Plays Today
Question Answer Wrong Answers
The Hobbit Dobby
87.2%
Thorin Oakenshield
8.5%
Gollum
2.3%
Gandalf
1.5%
Romeo and Juliet Desdemona
78.5%
Tybalt
5.8%
Benvolio
9.3%
Mercutio
2.3%
A Tale of Two Cities Charles Dickens
75.8%
Sydney Carton
9.7%
Madame Defarge
5.8%
Lucie Manette
6.9%
To Kill a Mockingbird Holden Caulfield
72.5%
Atticus Finch
3%
Dill Harris
6.2%
John Taylor
13.7%
The Lion, the Witch and the Wardrobe Prince Caspian
68.6%
Lucy Pevensie
11.6%
Aslan
4.4%
The White Witch
8.2%
The Cat in the Hat Michael
66%
Sally
12.8%
Thing Two
17.1%
The Cat in the Hat
3.8%
The Kite Runner Spen
65.7%
Amir
8.9%
Hassan
9.9%
Assef
9.1%
The Odyssey Homer
62.6%
Odysseus
4.7%
Penelope
13.5%
Polyphemus
15.8%
Charlotte's Web Grant Zuckerman
48.6%
Wilbur
3.9%
Templeton
16.9%
Homer Zuckerman
23.8%
Nineteen Eighty-Four Sarah Jane Smith
46.1%
Winston Smith
6.2%
Emmanuel Goldstein
35.9%
Big Brother
6.4%
Atlas Shrugged Andrew Ryan
42.4%
Dagny Taggart
16.5%
John Galt
18.1%
James Taggart
16.8%
Alice in Wonderland King of Spades
37.1%
Cheshire Cat
0.6%
White Rabbit
0.6%
Bill
59.7%
Don Quixote Roberto Bolaño
36.3%
Sancho Panza
7.7%
Ginés de Pasamonte
16.2%
Ricote
32.4%
Goodnight Moon Sky
23.7%
Comb
38.8%
Moon
4.3%
Chairs
25.6%
Dune Frank Atreides
22%
Paul Atreides
9.1%
Vladimir Harkonnen
30.7%
Lady Jessica
31.2%

You're not logged in!

Compare scores with friends on all Sporcle quizzes.
Join for Free
OR
Log In

You Might Also Like...

Show Comments

Extras

Top Quizzes Today


Score Distribution

Your Account Isn't Verified!

In order to create a playlist on Sporcle, you need to verify the email address you used during registration. Go to your Sporcle Settings to finish the process.

Report this User

Report this user for behavior that violates our Community Guidelines.

Details: